[Event "World Team-ch Open 2019"]
[Site "Astana"]
[Date "2019.03.05"]
[Round "1.1"]
[White "Adhiban, B.."]
[Black "Grandelius, Nils"]
[Result "1-0"]
[WhiteElo "2683"]
[BlackElo "2694"]
[Annotator "TA"]
[PlyCount "61"]
[EventDate "2019.02.05"]
[EventType "team-tourn"]
[EventCountry "KAZ"]
[SourceTitle "playchess.com"]
[Source "ChessBase"]
[SourceQuality "1"]
[WhiteTeam "India"]
[BlackTeam "Sweden"]
[WhiteTeamCountry "IND"]
[BlackTeamCountry "SWE"]

{[%evp 21,61,25,12,12,15,10,13,13,13,12,12,0,19,15,20,0,0,0,0,0,0,0,0,0,17,15,15,0,0,0,0,0,70,64,2327,2132,29993,29994,29994,385,29995,29996]} 1. e4 e5 2. Nf3 Nc6 3. Bc4 Nf6 4. d3 Bc5 5. O-O d6 6. c3 h6 7. Re1 O-O {C54: Giuoco Piano: 4 c3 Nf6, main lines with 5 d4 and 5 d3} 8. Nbd2 a5 9. Nf1 Be6 10. Bb5 Ne7 11. d4 exd4 {LiveBook: 3 Games} 12. cxd4 Bb6 13. Ng3 d5 14. e5 Ne4 $1 15. Nxe4 dxe4 16. Rxe4 c5 $146 17. Bd3 Bf5 18. Rf4 Bxd3 19. Qxd3 cxd4 20. Rg4 (20. Nxd4 Ng6 $17) 20... Qd7 21. h3 {[#] aiming for Bxh6.} Qe6 22. Bd2 Rad8 23. Re1 $40 {[%mdl 128] White mounts an attack.} Nf5 24. Bg5 (24. a3 $11) 24... hxg5 $14 25. Nxg5 Qc8 $1 {Strongly threatening ...Rd5.} 26. Rf4 $1 {[%cal Rf4f5,Bg4f4,Bf4f7,Bf7h7][%mdl 32]} g6 {Threatens to win with ...Rde8.} 27. g4 $1 {[%cal Rg4f5] [#]} Ne7 $2 {[%mdl 8192]} (27... Ne3 $1 $14 {[%mdl 512]} 28. fxe3 dxe3) 28. Qg3 $18 {White wants to mate with Qh4.} Kg7 29. Qh4 {[%csl Gg5][%cal Rh4h7]} Rh8 30. Rxf7+ Kg8 31. Rh7 {Precision: White = 89%, Black = 50%.} 1-0

[Event "World Team-ch Open 2019"]
[Site "Astana"]
[Date "2019.03.05"]
[Round "1.2"]
[White "Blomqvist, Erik"]
[Black "Sasikiran, Krishnan"]
[Result "1/2-1/2"]
[WhiteElo "2488"]
[BlackElo "2678"]
[Annotator "TA"]
[PlyCount "44"]
[EventDate "2019.02.05"]
[EventType "team-tourn"]
[EventCountry "KAZ"]
[SourceTitle "playchess.com"]
[Source "ChessBase"]
[SourceQuality "1"]
[WhiteTeam "Sweden"]
[BlackTeam "India"]
[WhiteTeamCountry "SWE"]
[BlackTeamCountry "IND"]

{[%evp 17,44,9,6,0,8,0,36,25,59,43,32,12,27,14,17,24,8,0,0,0,0,0,0,0,0,0,0,0,0]} 1. e4 c5 2. Nf3 d6 3. d4 cxd4 4. Qxd4 a6 5. Be2 Nc6 6. Qe3 {B53: Sicilian: 2...d6: Lines with Qxd4} Nf6 7. O-O g6 8. h3 Bg7 9. Rd1 O-O {LiveBook: 3 Games} (9... Nd7 10. c4 O-O 11. Nc3 Nde5 12. Nxe5 Nxe5 {½-½ (146) Harikrishna,P (2730)-Andriasian,Z (2604) chess.com INT 2019}) 10. Nc3 Nd7 11. a4 b6 $146 ({Predecessor:} 11... a5 12. Nd5 Nb4 13. Nxb4 axb4 {1-0 (34) Kejzar,P (1982)-Skuhala,B (1906) Ljubljana 2015}) 12. Qf4 e5 13. Qg5 Nd4 14. Nxd4 exd4 15. Qxd8 Rxd8 16. Nd5 {Threatening Bg5.} Bb7 17. Ra3 {The position is equal.} Bxd5 18. exd5 Rdc8 19. Bd3 Nc5 20. Be2 Nd7 21. Bd3 Nc5 22. Be2 Nd7 {Precision: White = 50%, Black = 74%.} 1/2-1/2

[Event "World Team-ch Open 2019"]
[Site "Astana"]
[Date "2019.03.05"]
[Round "1.3"]
[White "Ganguly, Surya Shekhar"]
[Black "Smith, Axel"]
[Result "1-0"]
[WhiteElo "2633"]
[BlackElo "2487"]
[Annotator "TA"]
[PlyCount "63"]
[EventDate "2019.02.05"]
[EventType "team-tourn"]
[EventCountry "KAZ"]
[SourceTitle "playchess.com"]
[Source "ChessBase"]
[SourceQuality "1"]
[WhiteTeam "India"]
[BlackTeam "Sweden"]
[WhiteTeamCountry "IND"]
[BlackTeamCountry "SWE"]

{[%evp 12,62,4,10,15,5,6,24,35,49,25,33,55,56,33,52,51,57,54,44,52,53,65,55,50,53,75,6,7,4,574,539,706,689,506,259,395,377,1959,1931,29990,29991,29993,29994,29994,29994,29996,29997,29997,29998,29998,29999,29999]} 1. e4 e5 2. Nf3 Nc6 3. Bb5 a6 4. Ba4 Nf6 5. d3 b5 6. Bb3 Bc5 7. Nc3 O-O {C77: Ruy Lopez: 3...a6 4 Ba4 Nf6, unusual lines} (7... h6 8. Nd5 d6 9. c3 Rb8 10. O-O O-O 11. d4 Ba7 12. Be3 Bg4 13. dxe5 Nxd5 14. Qxd5 Bxe3 15. fxe3 {0-1 (48) Salem,A (2660)-Mamedyarov,S (2817) St Petersburg 2018}) 8. Nd5 h6 9. c3 d6 {White has an edge.} 10. Nxf6+ Qxf6 11. Bd5 Bd7 12. Rg1 $1 h5 13. h3 Rae8 14. g4 $1 {[%cal Rg4h5]} hxg4 15. hxg4 {[#]} Ne7 $146 16. Bg5 Qg6 17. Bxe7 $1 Rxe7 18. g5 Be6 {[#] aiming for ...Bxd5.} 19. Bb3 (19. Nh4 $1 $16 {[%cal Rh4g6]} Qh7 20. Rh1 Bxd5 21. Qf3) 19... Qh5 $11 {Hoping for ...Bxb3.} 20. Ke2 Bxb3 $4 {[%mdl 8192]} (20... f5 $1 $11 {and Black is okay.} 21. gxf6 Rxf6 22. Bxe6+ Rexe6) 21. Qxb3 $18 Qg6 22. Rh1 Re6 23. Rag1 Rfe8 (23... Rd8 $142 24. Qd5 Bb6) 24. Ke1 f6 $2 (24... Kf8 25. Qd5 Bb6) 25. Nh4 Qf7 26. g6 {White mates.} Qd7 27. Nf5 c6 28. Qd1 Qa7 {[#]} 29. Rh8+ $1 {[%mdl 576] Decoy, Back Rank} Kxh8 30. Qh5+ Kg8 31. Qh7+ Kf8 32. Qh8# {Accuracy: White = 83%, Black = 42%.} 1-0

[Event "World Team-ch Open 2019"]
[Site "Astana"]
[Date "2019.03.05"]
[Round "1.4"]
[White "Johansson, Linus"]
[Black "Sethuraman, S.P."]
[Result "0-1"]
[WhiteElo "2479"]
[BlackElo "2637"]
[Annotator "TA"]
[PlyCount "90"]
[EventDate "2019.02.05"]
[EventType "team-tourn"]
[EventCountry "KAZ"]
[SourceTitle "playchess.com"]
[Source "ChessBase"]
[SourceQuality "1"]
[WhiteTeam "Sweden"]
[BlackTeam "India"]
[WhiteTeamCountry "SWE"]
[BlackTeamCountry "IND"]

{[%evp 16,90,16,7,7,-29,0,0,0,-7,0,-4,-6,-4,0,5,1,0,0,-30,-31,-23,-24,-31,-25,-55,-33,-45,-44,-47,-30,-38,-20,-70,-66,-83,-79,-81,-75,-74,-74,-89,-70,-81,-76,-98,-91,-197,-189,-193,-201,-197,-191,-177,-193,-189,-166,-264,-260,-331,-306,-530,-538,-697,-682,-693,-686,-672,-691,-865,-865,-837,-832,-850,-809,-29989,-29990]} 1. Nf3 g6 2. g3 Bg7 3. Bg2 c5 4. c4 Nc6 5. Nc3 d6 6. a3 e6 7. b4 Nge7 8. Rb1 O-O 9. O-O b6 {A36: Symmetrical English vs ...g6: 4 Bg2 Bg7} 10. Nb5 Rb8 $146 ({Predecessor:} 10... d5 11. bxc5 bxc5 12. Nc3 Ba6 13. cxd5 exd5 14. Ne1 Rc8 15. a4 Qd7 16. Ba3 Ne5 17. d3 {0-1 (40) Durarbayli,V (2597)-Alekseev,E (2700) Legnica 2013}) 11. Bb2 e5 {The position is equal.} 12. d3 a6 13. Nc3 cxb4 14. axb4 Nxb4 15. Ba3 Nbc6 16. Nd2 f5 17. Nd5 Kh8 18. Nxe7 Nxe7 19. Qa4 Qc7 20. Nf3 h6 21. Rfc1 Rd8 22. Ne1 Bb7 23. Rb3 Nc6 24. Nc2 Na5 {And now ...b5 would win.} 25. Rbb1 Bxg2 26. Kxg2 {[#]} b5 $1 $36 {[%mdl 2560] Keeping White busy.} 27. cxb5 axb5 28. Qh4 Qb7+ 29. Kg1 Nc6 30. e4 Qf7 31. Bb2 {[#]} (31. Qh3 $17) 31... Rf8 $1 $19 32. Rf1 g5 33. Qh3 fxe4 34. dxe4 Qc4 35. Ne3 Qxe4 36. Rbd1 (36. Qg2 $142 Rf3 37. Rbd1) 36... Nd4 {( -> ...Ne2#)} 37. Bxd4 exd4 38. Ng4 $2 (38. Qg2 {was the only chance.} Qxg2+ 39. Nxg2) 38... Qg6 39. f3 b4 {[%cal Bb5b4,Bb4b3][%mdl 32]} 40. Qg2 b3 41. Nf2 Rfc8 42. Nd3 {[#]} b2 $1 43. Qe2 (43. Nxb2 Rc2) 43... Rc3 44. Nxb2 Rc2 45. Qd3 {[#]} Rbxb2 $1 {[%mdl 512] Accuracy: White = 42%, Black = 85%.} 0-1

[Event "World Team-ch Open 2019"]
[Site "Astana"]
[Date "2019.03.05"]
[Round "1.5"]
[White "Maghsoodloo, Parham"]
[Black "Karjakin, Sergey"]
[Result "1/2-1/2"]
[WhiteElo "2673"]
[BlackElo "2753"]
[Annotator "TA"]
[PlyCount "68"]
[EventDate "2019.02.05"]
[EventType "team-tourn"]
[EventCountry "KAZ"]
[SourceTitle "playchess.com"]
[Source "ChessBase"]
[SourceQuality "1"]
[WhiteTeam "Iran"]
[BlackTeam "Russia"]
[WhiteTeamCountry "IRI"]
[BlackTeamCountry "RUS"]

{[%evp 13,68,0,0,-4,-1,-3,7,-10,-10,-10,0,0,4,1,4,0,0,6,0,14,3,-12,-8,-5,-8,-18,0,-18,-14,-14,-14,-19,-13,-20,-20,-14,-16,-21,-19,-20,-16,-8,-16,-22,-10,-13,-8,-29,0,0,0,0,0,0,0,0,0]} 1. d4 Nf6 2. c4 e6 3. Nf3 d5 4. g3 Bb4+ 5. Bd2 Be7 6. Bg2 O-O 7. O-O Nbd7 8. b4 {E11: Bogo-Indian} c6 9. a4 b6 $146 ({Predecessor:} 9... Ne4 10. Be1 f5 11. b5 Bd6 12. Qc2 Qe7 13. Nc3 g5 14. Rb1 g4 15. Nd2 Nxc3 16. Qxc3 {0-1 (63) So,W (2780)-Wei,Y (2729) chess.com INT 2018}) 10. cxd5 cxd5 11. Qb3 Ne4 12. Rc1 Nxd2 13. Nbxd2 Bb7 14. Ne1 Rc8 15. Rxc8 Qxc8 16. Nd3 Nf6 17. Rc1 Qb8 18. b5 Rc8 19. Rc2 a6 20. bxa6 Rxc2 21. Qxc2 Bxa6 22. e3 Qc8 23. Qxc8+ Bxc8 24. Nb1 Ne4 25. f3 Nd6 26. Nc3 f6 27. Kf2 Kf7 28. Bf1 g5 29. Nb2 Bb7 30. Nb5 e5 31. Nd1 {The position is equal.} Ne8 32. Ndc3 Bb4 33. Bd3 h6 34. Bc2 exd4 {Accuracy: White = 68%, Black = 66%.} 1/2-1/2

[Event "World Team-ch Open 2019"]
[Site "Astana"]
[Date "2019.03.05"]
[Round "1.6"]
[White "Nepomniachtchi, Ian"]
[Black "Idani, Pouya"]
[Result "1/2-1/2"]
[WhiteElo "2771"]
[BlackElo "2604"]
[Annotator "TA"]
[PlyCount "120"]
[EventDate "2019.02.05"]
[EventType "team-tourn"]
[EventCountry "KAZ"]
[SourceTitle "playchess.com"]
[Source "ChessBase"]
[SourceQuality "1"]
[WhiteTeam "Russia"]
[BlackTeam "Iran"]
[WhiteTeamCountry "RUS"]
[BlackTeamCountry "IRI"]

{[%evp 16,120,18,15,19,21,23,20,30,32,33,18,20,18,34,32,43,41,33,35,41,0,44,35,40,-2,0,0,0,0,0,0,0,-20,-8,-8,-8,-19,0,-40,-14,-12,-15,-13,14,14,14,14,14,14,14,14,19,19,19,19,20,19,19,19,20,19,19,19,19,19,19,19,19,19,19,19,19,8,19,4,4,4,4,4,4,4,4,4,4,4,4,4,4,4,8,8,8,8,8,8,8,8,8,8,8,8,8,8,8,8,8]} 1. c4 e6 2. Nf3 d5 3. e3 Nf6 4. Nc3 c5 5. cxd5 exd5 6. b3 Be7 7. Bb2 O-O 8. d4 {A13: English Opening: 1...e6} b6 (8... Nc6 9. Be2 Bg4 10. dxc5 Bxc5 11. O-O a6 12. h3 Be6 13. Bd3 Qe7 14. a3 Rad8 15. Ne2 Ne4 16. b4 Bd6 17. Rc1 a5 18. b5 Nb8 19. Qa4 Nd7 {1-0 (48) Howell,D (2689)-Kazhgaleyev,M (2582) Batumi 2018}) 9. Be2 {LiveBook: 13 Games} Ne4 10. O-O Nxc3 $146 ({Predecessor:} 10... Bf6 11. Rc1 Ba6 12. Bxa6 Nxa6 {½-½ (58) Wagner,G-Fussnecker,M Gross Gerau 2000}) 11. Bxc3 Be6 12. dxc5 bxc5 13. Qc2 Nd7 14. Rfd1 Bf6 15. Rac1 Rb8 16. Ne1 Rc8 17. Ba6 Rb8 18. Be2 Rc8 $1 19. Qb2 Qb6 {[#] Hoping for ...d4!} 20. Nf3 Rfd8 21. h3 h6 22. Bd3 a5 23. Bb1 Bxc3 24. Rxc3 Nf6 25. Rdc1 a4 26. Qa3 {[%cal Rc3c5]} axb3 27. axb3 {[%cal Rc3c5]} Ne4 28. Bxe4 {The position is equal.} dxe4 29. Ne1 Ra8 (29... Rd2 {with more complications.} 30. Rxc5 Rxc5 31. Qxc5 Qxb3 32. Qc3 Qxc3 33. Rxc3 Kf8) 30. Qxc5 Qxc5 31. Rxc5 Bxb3 32. Nc2 Bxc2 33. R1xc2 $11 {[%mdl 4096] Endgame KRR-KRR} Re8 34. g4 g6 35. Kg2 Kg7 36. Rc7 Ra6 37. Rb2 Rf6 38. Rc4 g5 39. Rc5 Kg6 40. Ra5 Kg7 41. Rbb5 Rc8 42. Ra2 Re8 43. Rab2 Rfe6 44. Kg3 Rf6 45. Rb8 Rxb8 46. Rxb8 {KR-KR} Re6 47. Rb5 Kg6 48. h4 gxh4+ 49. Kxh4 Rf6 50. Kg3 Rf3+ 51. Kg2 f5 52. Rb6+ Kg5 53. gxf5 Kxf5 54. Rxh6 {[#] Strongly threatening Rh3.} Ke5 55. Rh5+ $1 Ke6 56. Rh8 Rf7 57. Re8+ Kd5 58. Kf1 Rf6 59. Rg8 Rf7 60. Kg2 Ke5 {Precision: White = 76%, Black = 82%.} 1/2-1/2

[Event "World Team-ch Open 2019"]
[Site "Astana"]
[Date "2019.03.05"]
[Round "1.7"]
[White "Tabatabaei, M.amin"]
[Black "Andreikin, Dmitry"]
[Result "1/2-1/2"]
[WhiteElo "2600"]
[BlackElo "2725"]
[Annotator "TA"]
[PlyCount "79"]
[EventDate "2019.02.05"]
[EventType "team-tourn"]
[EventCountry "KAZ"]
[SourceTitle "playchess.com"]
[Source "ChessBase"]
[SourceQuality "1"]
[WhiteTeam "Iran"]
[BlackTeam "Russia"]
[WhiteTeamCountry "IRI"]
[BlackTeamCountry "RUS"]

{[%evp 19,79,0,0,0,0,0,0,0,0,0,0,-8,0,-7,-7,-7,-7,-7,-7,-7,-7,-7,-6,-32,-32,-32,-32,-32,-32,-32,-32,-32,-32,-32,-32,-32,-32,-32,-32,-32,-32,-32,-32,-32,-10,-10,-10,-32,-32,-32,-6,-6,-6,-6,-6,-6,-6,-6,-6,-6,-5,-5]} 1. d4 Nf6 2. c4 e6 3. Nf3 b6 4. g3 c6 5. Nc3 d5 6. Bg2 Be7 7. O-O O-O 8. Ne5 Ba6 9. Qa4 Qe8 10. cxd5 cxd5 11. Qxe8 {E15: Queen's Indian: 4 g3 sidelines, 4 g3 Ba6 and 4 g3 Bb7 early deviations} Rxe8 12. a4 (12. Re1 Nbd7 13. Nxd7 Nxd7 14. Bd2 Rac8 15. Rac1 Kf8 16. e3 f5 17. Bf1 Bxf1 18. Kxf1 a6 19. Ne2 g5 20. Rxc8 Rxc8 {½-½ (49) Fridman,D (2604)-Kovalenko,I (2626) Riga 2014}) 12... Rc8 13. Bf4 Nc6 14. Nxc6 Rxc6 15. Rfc1 $146 ({Predecessor:} 15. Nb5 Bb7 16. Rfc1 a6 17. Rxc6 Bxc6 18. Nc3 Bb4 {½-½ (18) Lagowski,P (2415)-Polak,T (2482) Brno 2004}) 15... Rac8 16. Nb5 Rxc1+ 17. Rxc1 Rxc1+ 18. Bxc1 Bxb5 19. axb5 $11 {[%mdl 4096] Endgame KBB-KBN} Ne8 20. e3 f5 21. h4 Nd6 22. Bf1 $1 Ne4 23. Bd3 Kf7 24. Kg2 Bd6 25. Bc2 g6 26. Kf3 Kf6 27. Bd3 h6 28. Bc2 Bc7 29. Bd3 g5 30. hxg5+ hxg5 31. Ke2 g4 32. Bd2 Bd6 33. Bc3 Ng5 34. Be1 e5 35. dxe5+ {The position is equal.} Bxe5 36. b3 Ke6 37. Bb4 Bg7 38. Bd2 Ne4 39. Bb4 Nc3+ 40. Bxc3 {Accuracy: White = 77%, Black = 83%.} 1/2-1/2

[Event "World Team-ch Open 2019"]
[Site "Astana"]
[Date "2019.03.05"]
[Round "1.8"]
[White "Artemiev, Vladislav"]
[Black "Firouzja, Alireza"]
[Result "1-0"]
[WhiteElo "2736"]
[BlackElo "2657"]
[Annotator "TA"]
[PlyCount "73"]
[EventDate "2019.02.05"]
[EventType "team-tourn"]
[EventCountry "KAZ"]
[SourceTitle "playchess.com"]
[Source "ChessBase"]
[SourceQuality "1"]
[WhiteTeam "Russia"]
[BlackTeam "Iran"]
[WhiteTeamCountry "RUS"]
[BlackTeamCountry "IRI"]

{[%evp 14,73,35,18,35,5,12,14,27,24,26,27,37,35,43,33,37,43,60,62,69,0,0,0,0,0,0,0,0,0,0,0,24,15,83,97,116,60,60,56,114,49,251,237,246,246,242,227,237,225,439,432,452,323,477,461,502,500,29970,29968,5465,4910]} 1. d4 Nf6 2. Nf3 g6 3. g3 Bg7 4. Bg2 O-O 5. O-O d6 6. Re1 Nbd7 7. e4 e5 8. Nc3 b6 {B07: Pirc Defence: Miscellaneous Systems} (8... Re8 9. h3 c6 10. a4 b6 11. Bg5 Bb7 12. Qd2 Qc7 13. Rad1 a6 14. dxe5 dxe5 15. Qd6 Qxd6 16. Rxd6 h6 17. Bxf6 Nxf6 18. Nd2 {½-½ (80) Kramnik,V (2792)-Grischuk,A (2766) Paris 2018}) 9. h3 Bb7 10. d5 Qe7 {The position is equal.} 11. Bg5 $146 ({Predecessor:} 11. a4 a6 12. Nd2 Kh8 13. a5 b5 14. Na2 Ng8 15. Nb4 f5 16. Nf3 {0-1 (28) Steinkohl,T (2330)-Slobodjan,R (2520) Dudweiler 1996}) 11... h6 12. Be3 Rac8 13. Qd2 Kh7 14. Nh2 c6 15. dxc6 Rxc6 16. Ng4 {[%cal Rg4h6]} Qe6 17. Bxh6 (17. Nxh6 Rxc3 18. bxc3 Nxe4 $11) (17. Nxf6+ $14 Nxf6 18. a4) 17... Nxg4 $11 18. Bxg7 Kxg7 19. hxg4 Qxg4 20. Nb5 Nf6 21. Nxd6 Ba6 22. Rad1 Rh8 23. b3 Rc7 (23... Qh5 $11 24. c4 Bc8 25. Nxc8 Rhxc8) 24. c4 $16 Rd7 {[#] White must now prevent ...Rhd8.} 25. Qc3 (25. Re3 $1 $16) 25... Qe6 $1 $14 26. f4 $36 {[%mdl 2048] White fights for an advantage.} Ng4 ({Better is} 26... Rxd6 $14 27. fxe5 Rxd1 28. exf6+ Qxf6 29. Qxf6+ Kxf6 30. e5+ (30. Rxd1 Bc8 $14) 30... Ke7 31. Rxd1 Rh5) 27. fxe5 ({White should play} 27. Bf3 $16 Nf2 28. Kxf2 Rxd6 29. Qxe5+ Qxe5 30. fxe5 Rxd1 31. Rxd1) 27... Bb7 $2 {[#]} ({Black should try} 27... Qxe5 $14 28. Qxe5+ Nxe5) 28. Ne8+ $1 $18 {[%mdl 512]} Kg8 ({Much weaker is} 28... Rxe8 29. Rxd7 Re7 30. Red1 $18) (28... Qxe8 29. Rxd7) 29. Rxd7 Qxd7 30. Nf6+ Nxf6 31. exf6 Qc7 $2 (31... Rh5 32. Qe3 Qd8) 32. Rd1 Rh5 33. Qe3 Qe5 (33... b5 {was worth a try.} 34. c5 (34. Qxa7 bxc4 35. bxc4 Rc5 $18) 34... a5) 34. Qf4 Qc5+ 35. Kf1 Bc6 (35... Bc8 $18 36. g4 Bxg4 37. Qxg4 Qe5) 36. Rd8+ Kh7 37. Qb8 {Accuracy: White = 70%, Black = 27%.} 1-0

[Event "World Team-ch Open 2019"]
[Site "Astana"]
[Date "2019.03.05"]
[Round "1.9"]
[White "Amin, Bassem"]
[Black "Swiercz, Dariusz"]
[Result "0-1"]
[WhiteElo "2709"]
[BlackElo "2655"]
[Annotator "TA"]
[PlyCount "66"]
[EventDate "2019.02.05"]
[EventType "team-tourn"]
[EventCountry "KAZ"]
[SourceTitle "playchess.com"]
[Source "ChessBase"]
[SourceQuality "1"]
[WhiteTeam "Egypt"]
[BlackTeam "United States"]
[WhiteTeamCountry "EGY"]
[BlackTeamCountry "USA"]

{[%evp 16,66,24,16,31,8,8,1,12,0,4,-6,-8,-6,0,-8,0,0,0,-10,-2,-4,-11,-37,-51,-51,-36,-27,-40,-200,-189,-195,-202,-199,-204,-191,-208,-189,-192,-193,-189,-202,-200,-475,-309,-318,-302,-989,-989,-977,-977,-953,-932]} 1. e4 e5 2. Nf3 Nc6 3. Bc4 Bc5 4. c3 Nf6 5. d3 d6 6. O-O a6 7. Bb3 O-O 8. Re1 h6 9. Nbd2 {[%cal Bb1d2,Bd2f1,Bf1g3,Bg3e4][%mdl 32]} Be6 {C54: Giuoco Piano: 4 c3 Nf6, main lines with 5 d4 and 5 d3} 10. Nf1 Bxb3 11. Qxb3 Qd7 {The position is equal.} 12. Ng3 Rfe8 13. h3 d5 14. exd5 Nxd5 15. Ne4 Bf8 $146 ({Predecessor:} 15... Be7 16. Bd2 {½-½ (68) Amin,B (2633)-Haddouche,M (2438) Abidjan 2018}) 16. Bd2 b5 {[%cal Bb7b5,Bb5b4][%mdl 32]} 17. a4 b4 18. a5 Rab8 {...bxc3 is the strong threat.} 19. Qc4 Rb5 20. Ng3 bxc3 21. bxc3 Nf6 22. Reb1 $2 ({White should play} 22. Be3 $15) 22... Nxa5 $19 23. Qa2 Qxd3 24. Rxb5 axb5 {[%cal Ba6b5,Bb5b4][%mdl 32]} 25. Qxa5 e4 26. Nd4 {Threatens to win with Nf1.} Qxd2 27. Nf1 Qd3 28. Qxc7 {[#]} b4 $1 29. Rc1 $2 {[#]} (29. Ne3 {might work better.}) 29... e3 $1 {[%mdl 512]} 30. fxe3 (30. Nxe3 Rxe3) 30... Rxe3 31. Nc6 $2 (31. Kh1 Re8 32. Qc6) 31... b3 {White must now prevent ...b2.Black is clearly winning.} 32. Qb8 {[#]} b2 $1 {[%mdl 512]} 33. Qxb2 {[#]} Re2 $1 {Accuracy: White = 33%, Black = 88%.} 0-1

[Event "World Team-ch Open 2019"]
[Site "Astana"]
[Date "2019.03.05"]
[Round "1.10"]
[White "Sevian, Samuel"]
[Black "Adly, Ahmed"]
[Result "1/2-1/2"]
[WhiteElo "2642"]
[BlackElo "2611"]
[Annotator "TA"]
[PlyCount "62"]
[EventDate "2019.02.05"]
[EventType "team-tourn"]
[EventCountry "KAZ"]
[SourceTitle "playchess.com"]
[Source "ChessBase"]
[SourceQuality "1"]
[WhiteTeam "United States"]
[BlackTeam "Egypt"]
[WhiteTeamCountry "USA"]
[BlackTeamCountry "EGY"]

{[%evp 13,62,21,29,35,27,23,35,12,33,34,37,41,41,26,27,29,42,50,41,32,33,37,14,17,26,10,53,60,49,47,38,0,0,0,62,19,24,0,0,0,0,0,0,9,4,8,14,13,14,4,5]} 1. e4 c5 2. Nf3 Nf6 3. Nc3 d5 4. exd5 Nxd5 5. Bb5+ Bd7 6. Ne5 Nf6 7. Nxd7 Nbxd7 8. d4 {B29: Sicilian: 2 Nf3 Nf6 (Nimzowitsch Variation)} a6 9. Be2 e6 10. O-O {White is slightly better.} Qc7 11. d5 O-O-O $146 ({Predecessor:} 11... e5 12. Bf3 Bd6 13. g3 O-O 14. a4 Ne8 15. Ne4 Ndf6 16. Nd2 Nd7 17. Ne4 Ndf6 18. Nd2 Nd7 {½-½ (18) Moiseenko,V (2494)-Rakhmanov,A (2640) Finland 2016}) 12. dxe6 Ne5 13. Qe1 fxe6 14. Bf4 Bd6 15. Rd1 Nc6 16. Bxd6 Rxd6 17. Bc4 Kb8 18. Rxd6 ({But not} 18. Bxe6 $2 Re8 $19) 18... Qxd6 19. Qe3 Ng4 {[%csl Gg4][%cal Rd6h2] [#]} (19... Rd8 {seems wilder.} 20. b3 Nd4 21. Ne4 Nxc2 22. Nxd6 Nxe3 23. Nxb7 Kxb7 24. fxe3 a5) 20. Qh3 h5 21. Be2 Nf6 22. Bd3 Qe5 23. Qg3 h4 (23... Qxg3 $11 24. hxg3 Nb4) 24. Qxe5+ Nxe5 25. Re1 Nxd3 {The position is equal.} 26. cxd3 $11 {[%mdl 4096] Endgame KRN-KRN} Rd8 27. Re3 Kc7 28. Kf1 Rd4 29. Rxe6 Rxd3 30. Ke2 Rd7 31. a4 Rd6 {Accuracy: White = 58%, Black = 59%.} 1/2-1/2

[Event "World Team-ch Open 2019"]
[Site "Astana"]
[Date "2019.03.05"]
[Round "1.11"]
[White "Fawzy, Adham"]
[Black "Onischuk, Alexander"]
[Result "1/2-1/2"]
[WhiteElo "2461"]
[BlackElo "2647"]
[Annotator "TA"]
[PlyCount "114"]
[EventDate "2019.02.05"]
[EventType "team-tourn"]
[EventCountry "KAZ"]
[SourceTitle "playchess.com"]
[Source "ChessBase"]
[SourceQuality "1"]
[WhiteTeam "Egypt"]
[BlackTeam "United States"]
[WhiteTeamCountry "EGY"]
[BlackTeamCountry "USA"]

{[%evp 15,114,13,12,0,10,0,16,-41,-37,-44,0,-20,-22,-40,-47,-42,-45,-52,-26,-14,-12,-5,-7,-27,-19,-27,-24,-8,-16,-68,0,-46,0,0,0,0,0,0,31,43,58,48,40,0,0,0,0,0,0,0,0,0,0,0,0,0,0,0,0,0,8,0,0,0,0,0,0,0,0,0,0,0,0,0,19,0,0,0,19,0,0,0,0,0,0,0,0,0,0,0,0,0,0,0,0,0,0,0,0,0,0]} 1. e4 e5 2. Nf3 Nc6 3. Bb5 a6 4. Ba4 Nf6 5. O-O Bc5 6. d3 b5 7. Bb3 d6 8. c3 O-O 9. a4 {C78: Ruy Lopez: Archangelsk and Möller Defences} (9. Bg5 h6 10. Bh4 g5 11. Bg3 Ba7 12. Nbd2 Na5 13. Bc2 Nh5 14. Kh1 Nc6 15. Bb3 Na5 16. Bc2 Nc6 17. Bb3 Na5 18. Bc2 Nc6 {½-½ (18) Svidler,P (2741)-Ding,L (2759) Shenzhen 2017}) 9... Rb8 10. Bg5 h6 11. Be3 $146 ({White should play} 11. axb5 $11 axb5 12. Be3) ({Predecessor:} 11. Bh4 Bb6 12. axb5 axb5 13. Na3 b4 14. Nc4 bxc3 15. bxc3 {0-1 (76) Djukic,N (2574)-Moroni,L (2564) Skopje 2018}) 11... Bxe3 $15 12. fxe3 d5 13. axb5 (13. exd5 {feels hotter.} Nxd5 14. Re1 b4 15. Qc2 Na5 16. Nxe5 Be6 17. c4) 13... dxe4 14. Nfd2 axb5 15. Nxe4 Nxe4 16. dxe4 Qxd1 (16... Qe7 {with more complications.} 17. Nd2 b4 18. Bd5 bxc3 19. bxc3 Nd8) 17. Rxd1 Bg4 18. Rf1 Nd8 19. Ra7 Be6 20. Nd2 Bxb3 21. Nxb3 Ne6 22. Rd1 (22. Kf2 $11) 22... Ra8 (22... b4 $15 23. c4 Ra8) 23. Ra5 c5 24. Rd5 c4 25. Rxa8 Rxa8 $11 {[%mdl 4096] Endgame KRN-KRN} 26. Nd2 Rd8 27. Nf3 Rb8 28. Rxe5 b4 29. Nd4 Nxd4 $1 {The position is equal.} 30. exd4 {Threatens to win with Rc5.} (30. cxd4 c3 $19) 30... bxc3 31. bxc3 {[#] Strongly threatening Rc5. KR-KR} Rb3 32. Re8+ Kh7 33. Kf2 Rxc3 34. Rc8 f6 35. Rc7 h5 36. h4 Kg6 37. Rc5 Kf7 38. Rc7+ Kg6 39. Rc5 Kh6 40. Rc6 Kg6 41. d5 Kf7 42. Rc7+ Kf8 43. Ke2 Rg3 44. Kf2 Rd3 45. Rc8+ Kf7 $1 46. Rc7+ Kf8 47. Rc5 c3 48. Ke2 Rg3 49. Rc7 Rxg2+ 50. Kd3 c2 51. Rxc2 Rxc2 52. Kxc2 g5 53. hxg5 fxg5 {[#] White must now prevent ...h4. KPP-KPP} (53... h4 $5 54. g6 $8 (54. gxf6 h3 $19) 54... h3 $11) 54. Kd3 h4 55. Ke3 h3 {( -> ...h2)} 56. Kf2 Ke7 57. Kg3 g4 $1 {Accuracy: White = 39%, Black = 73%.} 1/2-1/2